000 00916 a2200241 4500
003 OSt
005 20180116192342.0
008 120529t xxu||||| |||| 00| 0 eng d
010 _a 2008044043
020 _a9780262013031 (hardcover : alk. paper)
040 _c0
082 0 0 _a709.04062
100 1 _aSanouillet, Michel.
_92410
245 1 0 _aDada in Paris /
_cMichel Sanouillet ; revised and expanded by Anne Sanouillet ; [editorial consultant, Michèle Humbert] ; translated by Sharmila Ganguly.
250 _a1st English-language ed.
260 _aCambridge, MA :
_bMIT Press,
_c2009.
300 _axii, 705 p. :
_c24 cm.
650 0 _aDadaism
_zFrance
_zParis.
_92411
650 0 _aAvant-garde (Aesthetics)
_zFrance
_zParis
_xHistory
_y20th century.
_92412
700 1 _aSanouillet, Anne.
_92413
942 _aSADA
_cBK
_k709.04062 SAN 2009
_2ddc
999 _c352704
_d352704